Pokémon - Les attaques de Duralugon - Statistiques

Statistiques générales
  • Ce quiz a été pris 16 fois
  • Le résultat moyen est 8 sur 13
Statistiques - réponses
Niveaux Types Noms des attaques % Correct
Niveau 54 Acier Luminocanon
100%
Niveau 36 Acier Mur de Fer
89%
Niveau 66 Normal Ultralaser
89%
Niveau 48 Dragon Draco-Griffe
67%
Niveau 30 Dragon Draco-Queue
67%
Départ Acier Griffe Acier
67%
Niveau 24 Dragon Abattage
56%
Niveau 12 Ténèbres Aiguisage
56%
Niveau 18 Acier Strido-Son
56%
Niveau 60 Acier Fulmifer
44%
Départ Normal Groz'Yeux
44%
Niveau 42 Normal Affilage
33%
Niveau 6 Combat Éclate-Roc
22%
Aucun quiz correspondant
Distribution des résultats
% des personnes avec chaque résultat
Percentile par nombre de réponses
Votre historique - résultats
Vous n’avez pas pris ce quiz